000 01310nam a2200337Ia 4500
001 ebr10638821
003 CaPaEBR
006 m u
007 cr cn|||||||||
008 130107s2013 enk sb 001 0 eng d
020 _z9781441118592 (ebook)
020 _z9781441122186
020 _z9781441159007
040 _aCaPaEBR
_cCaPaEBR
035 _a(OCoLC)821883531
050 1 4 _aPN511
_b.S79 2013eb
245 0 0 _aStyle in theory
_h[electronic resource] :
_bbetween literature and philosophy /
_cedited by Ivan Callus, James Corby, Gloria Lauri-Lucente.
260 _aLondon :
_bBloomsbury Publishing,
_c2013.
300 _avi, 366 p.
504 _aIncludes bibliographical references and index.
533 _aElectronic reproduction.
_bPalo Alto, Calif. :
_cebrary,
_d2013.
_nAvailable via World Wide Web.
_nAccess may be limited to ebrary affiliated libraries.
650 0 _aLiterature
_xHistory and criticism.
650 0 _aLiterature
_xPhilosophy.
650 0 _aStyle, Literary.
655 7 _aElectronic books.
_2local
700 1 _aCallus, Ivan,
_d1967-
700 1 _aCorby, James.
700 1 _aLauri-Lucente, Gloria.
710 2 _aebrary, Inc.
856 4 0 _uhttp://site.ebrary.com/lib/rucke/Doc?id=10638821
_zAn electronic book accessible through the World Wide Web; click to view
999 _c49415
_d49415